| 000 | 00000nam##2200000za#4500 |
| 001 | 9.516410 |
| 003 | CaOODSP |
| 005 | 20200331220757 |
| 007 | ta |
| 008 | 150406|1992||||xxc||||| f|0| 0 eng|d |
| 020 | |a0-660-57486-1 |
| 022 | |a0706-148X |
| 040 | |aCaOODSP|beng |
| 041 | |aeng |
| 041 | |afre |
| 043 | |an-cn--- |
| 086 | 1 |aS52-2/209-1992 |
| 110 | 1 |aCanada.|bSecretary of State of Canada. |bTranslation Bureau. |
| 245 | 10|aCanadian Quaternary vocabulary / |cby Chantal Cormier. |
| 260 | |aOttawa - Ontario : |bSecretary of State of Canada. |c1992. |
| 300 | |a154p. : |c22 cm. |
| 490 | 1 |aTerminology bulletin|x0706-148X|v209 |
| 500 | |aJoint project of the Geological Survey of Canada and the Department of the Secretary of State of Canada. "This vocabulary contains terms relating to the Quaternary as well as to several Earth Sciences fields (geology, geomorphology, stratigraphy, sedimentology, and geochronology). English and French definitions have been included for about a third of the vocabulary's entries."--Page x. "Related to the Geology of Canada collection.... The vocabulary complements the first volume of the collection, entitled Quaternary Geology of Canada and Greenland."--Foreword. |
| 504 | |aBibliography. |
| 520 | 3 |aTerminology Bulletin 209. Joint project of the Geological Survey of Canada and the Department of the Secretary of State of Canada. This vocabulary contains terms relating to the Quaternary as well as to several Earth Sciences fields (geology, geomorphology, stratigraphy, sedimentology, and geochronology). English and French definitions have been included for about a third of the vocabulary's entries. Related to the "Geology of Canada" collection. The vocabulary complements the first volume of the collection, entitled "Quaternary Geology of Canada and Greenland. |
| 546 | |aBilingual |
| 563 | |aSoftcover |
| 590 | |a93-05|b1993-02-05 |
| 690 | 07|aGeology|2gcpds |
| 690 | 07|aTerminology|2gcpds |
| 720 | 1 |aCormier, Chantal |
| 776 | 0#|tVocabulaire canadien du Quaternaire / |w(CaOODSP)9.590512 |
| 792 | |tVocabulaire canadien du Quaternaire / |efre|w(CaOODSP)9.516411 |
| 830 | #0|aTerminology bulletin,|x0706-148X|v209|w(CaOODSP)9.509598 |